00661nam a2200205Ia 450000500170000000800410001702000290005804000190008704100120010608200160011824500720013426000290020630000100023544000630024550400400030865000300034865100390037870000280041785000100044520221110105541.0140110s9999 xx 000 0 und d a9788173048548cRs.975.00 aLoreto College aEnglish a954.03bBAN aScience and society in India,1750-2000cEdited by Arun Bandopadhyay aNew DelhibManoharc2010 a383p. aDepartment of history,University of Calcutta monograph; 29 aIncludes bibliographical references aHistory - India-1750-2000 aIndia-History of Science-1750-2000 aBandopadhyay, Arun.,ed. aLCLIB